Afica's moment.

Bibliographic Details
Main Author: Severino
Format: Book
Published: Cambridge: Polity Press, 2011.
Subjects:
LEADER 00552cam a2200193 7i4500
001 0000028396
005 20130411090000.0
020 0 0 |a 9780745651576  
090 0 0 |a AFRI 338.96   |b SEV 
100 1 0 |a Severino  
245 1 0 |a Afica's moment. 
260 0 0 |a Cambridge:   |b Polity Press,   |c 2011. 
300 # # |a 317 p. 
650 0 0 |a Economic development --   |z Africa  
650 0 0 |a Politics --   |z Africa  
650 0 0 |a Social change --   |z Africa  
650 0 0 |a Development countries --   |z Africa  
651 0 0 |a Africa  
999 |a B000031910  |b Book  |c Regions  |e Business Information Centre